Essays On Goldsmith (Record no. 1213355)

MARC details
000 -LEADER
fixed length control field 00516nam a2200193Ia 4500
008 - FIXED-LENGTH DATA ELEMENTS--GENERAL INFORMATION
fixed length control field 151121s9999||||xx |||||||||||||| ||und||
082 ## - DEWEY DECIMAL CLASSIFICATION NUMBER
Classification number 824/MAC
082 ## - DEWEY DECIMAL CLASSIFICATION NUMBER
Item number HNW-5592
100 ## - MAIN ENTRY--PERSONAL NAME
Personal name "Macaulay, Scott & Thackeray"
245 ## - TITLE STATEMENT
Title Essays On Goldsmith
260 ## - PUBLICATION, DISTRIBUTION, ETC. (IMPRINT)
Name of publisher, distributor, etc "Oxford, At The Clarendon Press"
260 ## - PUBLICATION, DISTRIBUTION, ETC. (IMPRINT)
Date of publication, distribution, etc --
300 ## - PHYSICAL DESCRIPTION
Extent 200
600 ## - SUBJECT ADDED ENTRY--PERSONAL NAME
Personal name "Macaulay, Scott & Thackeray"
630 ## - SUBJECT ADDED ENTRY--UNIFORM TITLE
Uniform title Essays On Goldsmith
700 ## - ADDED ENTRY--PERSONAL NAME
Personal name "Macaulay, Scott & Thackeray"
730 ## - ADDED ENTRY--UNIFORM TITLE
Uniform title Essays On Goldsmith
942 ## - ADDED ENTRY ELEMENTS (KOHA)
Koha item type Book
Holdings
Withdrawn status Lost status Damaged status Not for loan Home library Current library Date acquired Total Checkouts Full call number Barcode Date last seen Price effective from Koha item type
        Hirachand Nemchand Wachanalaya, Solapur Hirachand Nemchand Wachanalaya, Solapur 11/21/2015   HNW-5592 HNW-5592 11/21/2015 11/21/2015 Book